|
|
|
|
| LEADER |
00000cam a22000004a 4500 |
| 001 |
musev2_39743 |
| 003 |
MdBmJHUP |
| 005 |
20230905044153.0 |
| 006 |
m o d |
| 007 |
cr||||||||nn|n |
| 008 |
151116s2015 xx o 00 0 eng d |
| 020 |
|
|
|a 9781609174491
|
| 020 |
|
|
|z 9781611861617
|
| 035 |
|
|
|a (OCoLC)907964611
|
| 040 |
|
|
|a MdBmJHUP
|c MdBmJHUP
|
| 100 |
1 |
|
|a Al-Sboul, Tayseer,
|e author.
|
| 245 |
1 |
0 |
|a Desert Sorrows :
|b Poems by Tayseer al-Sboul /
|c poems by Tayseer al-Sboul.
|
| 264 |
|
1 |
|a [Place of publication not identified] :
|b Vearsa,
|c 2015.
|
| 264 |
|
3 |
|a Baltimore, Md. :
|b Project MUSE,
|c 2015
|
| 264 |
|
4 |
|c ©2015.
|
| 300 |
|
|
|a 1 online resource (181 pages).
|
| 336 |
|
|
|a text
|b txt
|2 rdacontent
|
| 337 |
|
|
|a computer
|b c
|2 rdamedia
|
| 338 |
|
|
|a online resource
|b cr
|2 rdacarrier
|
| 505 |
0 |
|
|a Contents -- Prologue by Otaba Al-Sboul -- Translating Tayseer by Anthony A. Lee -- Introduction by Nesreen Akhtarkhavari -- Winter -- Desert Sorrows (1) -- The Question -- Winter Will Not End -- Ghosts of Men -- Moments of Wood -- Pantheism -- The Return of the Shaykh -- Glitter of Temptation -- April and the Wisdom of the Wall -- The Dream -- Desert Sorrows (2) -- Hello -- The Broken Necklace -- Desire of Dust -- The Mariner -- Sparrow of My Heart -- Secrets -- Three Songs for Absences -- Unbearable Words -- If ...
|
| 505 |
0 |
|
|a Fighting in the DesertThe Absent Eagle -- Dust -- From a Sojourner -- A Piece of My Innocent Heart -- I Abandon My Homeland -- Andalusian Song -- A Gypsy -- My Return to Tired Comrades -- The Abandoned -- The Impossible -- My Chaos and Defeat -- Terror -- Elegy of the First Caravan -- What No One Told Us about Scheherazade -- Leave Taking -- The Old Man�s Eulogy -- Without a Title (1) -- Desert Sorrows (3) -- Without a Title (2) -- The Final Shore -- The Journey
|
| 588 |
|
|
|a Description based on print version record.
|
| 650 |
|
7 |
|a Arabic poetry.
|2 fast
|0 (OCoLC)fst00812533
|
| 650 |
|
7 |
|a POETRY
|x Middle Eastern.
|2 bisacsh
|
| 650 |
|
6 |
|a Poesie arabe.
|
| 650 |
|
0 |
|a Arabic poetry.
|
| 655 |
|
7 |
|a Electronic books.
|2 local
|
| 710 |
2 |
|
|a Project Muse.
|e distributor
|
| 830 |
|
0 |
|a Book collections on Project MUSE.
|
| 856 |
4 |
0 |
|z Texto completo
|u https://projectmuse.uam.elogim.com/book/39743/
|
| 945 |
|
|
|a Project MUSE - Custom Collection
|
| 945 |
|
|
|a Project MUSE - 2015 Poetry, Fiction and Creative Non-Fiction
|
| 945 |
|
|
|a Project MUSE - 2015 Complete
|